| 000 | 00613nam a2200229 a 4500 | ||
|---|---|---|---|
| 001 | 11224 | ||
| 003 | CO-ViMGA | ||
| 008 | 141112s2004 ck r 000 u spa d | ||
| 020 | _a9800108424 | ||
| 040 |
_aCO-ViMGA _bspa _cCO-ViMGA |
||
| 082 | 0 | 4 | _aV863.6 O73f2 |
| 100 | 1 |
_aOtero Silva, Miguel _98280 |
|
| 245 | 1 | 0 | _aFiebre |
| 250 | _a1 | ||
| 260 |
_aCaracas, _cMonte Avila editores, _c1994 |
||
| 300 | _a265 p. | ||
| 650 | 1 | 4 |
_aGUERRA - NOVELA _915640 |
| 650 | 1 | 4 |
_aNOVELA - HISTORIA VENEZUELA _915641 |
| 650 | 1 | 4 |
_aNOVELA VENEZOLANA _915642 |
| 650 | 1 | 4 |
_aVENEZUELA - HISTORIA - NOVELA _915643 |
| 942 |
_2ddc _cBK |
||
| 999 |
_c22434 _d22434 |
||